| 000 | 00332nam a22001217a 4500 | ||
|---|---|---|---|
| 082 | _a220 PRO | ||
| 100 |
_aSUNDUS, AMENA _971416 |
||
| 245 | _aPR-SOF-1309-FACE RECOGNITION BASED ATTENDANCE SYSTEM | ||
| 260 |
_aISLAMABAD _bNUST COLLEGE OF EME _c2013 |
||
| 650 |
_aDE-COMP-31 _971417 |
||
| 700 |
_aDR SHOAB A KHAN _918474 |
||
| 942 | _cCR | ||
| 999 |
_c577945 _d577945 |
||